Best Fitting Locations for Geographical Regions/Places #1 - Statistics

General Stats
  • This quiz has been taken 36 times
  • The average score is 8 of 15
Answer Stats
Question Answer % Correct
Istanbul Bosphorus Strait
100%
Andorra Pyrenees
100%
Latvia Baltics
75%
Libya Maghreb
75%
Suez Canal Sinai
75%
Montreal St Lawrence River
75%
Indonesia East Indies
50%
Mesopotamia Fertile Crescent
50%
Ceuta Gibraltar
50%
Nepal Himalayas
50%
Cyprus STOP ARGUING FOR HEAVEN'S SAKE!!!
50%
Aksum Empire Along the Red Sea
25%
Rapa Nui Edge of Polynesia
25%
Timor Indonesian Isles
25%
Zealandia Beneath Polynesia
0%
No matching quizzes found
Score Distribution
Percent of People with Each Score
Percentile by Number Answered
Your Score History
You have not taken this quiz